Music Quiz

Random Music or Song Quiz

Heavenly Songs Quiz Stats

 Plays Quiz not verified by Sporcle

Support Sporcle.
Go Orange.
Score 0/15 Timer 10:00
0 Plays Today
Answer % Correct
Heaven
100%
Stairway To Heaven
89.7%
Heaven Is a Place On Earth
75.9%
Tears in Heaven
72.4%
Knockin' On Heaven's Door
44.8%
Heaven and Hell
31%
Inside your Heaven
31%
Heaven Can Wait
24.1%
Answer % Correct
Heaven's on Fire
24.1%
Heaven Beside You
20.7%
Show Me Heaven
17.2%
My Blue Heaven
13.8%
Breath Of Heaven
6.9%
Touch Of Heaven
6.9%
Somehting Happened On The Way To Heaven
3.4%

You're not logged in!

Compare scores with friends on all Sporcle quizzes.
OR
Log In

From the Vault

Letter Pyramid - Chemical Elements

by PenguinsMeercats

Imagine if we had a periodic pyramid instead of a table.
Remove Ads.
Support Sporcle.
Get the best of Sporcle when you Go Orange. This ad-free experience offers more features, more stats, and more fun while also helping to support Sporcle. Thank you for becoming a member.

Show Comments

Extras

Top Quizzes Today


Score Distribution

Your Account Isn't Verified!

In order to create a playlist on Sporcle, you need to verify the email address you used during registration. Go to your Sporcle Settings to finish the process.

Report this User

Report this user for behavior that violates our Community Guidelines.

Details: